All Christian Radio #1 Hits - Statistics

General Stats
  • This quiz has been taken 22 times
  • The average score is 25 of 65
Answer Stats
Artist # Song % Correct
Hillsong UNITED 1 Oceans (Where Feet May Fail)
88%
Hillsong Worship 2 What a Beautiful Name
88%
Casting Crowns 11 Voice of Truth
82%
for KING & COUNTRY 12 God Only Knows
82%
Chris Tomlin 11 How Great Is Our God
76%
Crowder 4 Come As You Are
71%
Lauren Daigle 5 You Say
71%
MercyMe 19 Word of God Speak
71%
Newsboys 2 You Are My King (Amazing Love)
71%
Elevation Worship 3 Graves Into Gardens
65%
Jeremy Camp 12 There Will Be a Day
65%
Mandisa 2 Overcomer
65%
Matthew West 10 Hello, My Name Is
65%
tobyMac 12 I just need U.
65%
Danny Gokey 4 Hope in Front of Me
59%
Phil Wickham 4 This is Amazing Grace
59%
Bethel Music 1 Raise a Hallelujah
53%
Cory Asbury 2 Reckless Love
53%
Matt Maher 3 Because He Lives (Amen)
53%
Third Day 7 I Need a Miracle
53%
Maverick City Music 1 Promises
47%
Zach Williams 4 Chain Breaker
47%
Anne Wilson 1 My Jesus
41%
Big Daddy Weave 6 The Only Name (Yours Will Be)
41%
Brandon Lake 1 Gratitude
41%
CAIN 2 Rise Up (Lazarus)
41%
Francesca Battistelli 4 Free to Be Me
41%
We the Kingdom 2 Holy Water
41%
Aaron Shust 2 My Savior, My God
35%
Brandon Heath 4 Give Me Your Eyes
35%
Colton Dixon 1 Build a Boat
35%
Jordan Feliz 2 The River
35%
Matt Redman 1 10,000 Reasons (Bless the Lord)
35%
Michael W. Smith 1 Waymaker
35%
NEEDTOBREATHE 1 Washed By the Water
35%
Tauren Wells 2 Known
35%
Tenth Avenue North 3 Strong Enough to Save
35%
The Afters 1 Light Up the Sky
35%
Building 429 2 Glory Defined
29%
Kutless 1 What Faith Can Do
29%
Ryan Stevenson 1 Eye of the Storm
29%
Sidewalk Prophets 1 You Love Me Anyway
29%
Hillary Scott 1 Thy Will
24%
Joy Williams 1 Hide
24%
Katy Nichole 2 In Jesus Name (God of Possible)
24%
Laura Story 1 Blessings
24%
Micah Tyler 2 I See Grace
24%
Passion 1 One Thing Remains
24%
Sanctus Real 1 Lead Me
24%
Unspoken 1 Reason
24%
Andrew Ripp 2 Jericho
18%
Pat Barrett 1 Build My Life
18%
7eventh Time Down 1 God is on the Move
12%
Ben Fuller 1 Who I Am
12%
Chris August 1 Starry Night
12%
Housefires 1 I Thank God
12%
Jordan St. Cyr 1 Weary Traveler
12%
Nicole Nordeman 1 Brave
12%
Phillips, Craig & Dean 1 Revelation Song
12%
Stars Go Dim 1 You Are Loved
12%
Tasha Layton 2 Look What You've Done
12%
We Are Messengers 1 Come What May
12%
Cochren & Co. 1 Running Home
6%
Rush of Fools 1 Undo
6%
By The Tree 1 Beautiful One
0%
No matching quizzes found
Score Distribution
Percent of People with Each Score
Percentile by Number Answered
Your Score History
You have not taken this quiz